Top 50 Names for Girls from the 80s - Statistics

General Stats
  • This quiz has been taken 8,132 times
  • The average score is 19 of 50
Answer Stats
Answer % Correct
Jennifer
71%
Sara
71%
Sarah
71%
Elizabeth
67%
Jessica
65%
Mary
63%
Emily
59%
Rachel
56%
Laura
55%
Amy
51%
Katherine
51%
Kathryn
51%
Katie
51%
Lisa
51%
Amanda
49%
Michelle
49%
Rebecca
49%
Christina
48%
Christine
48%
Lauren
44%
Stephanie
44%
Ashley
43%
Melissa
43%
Samantha
43%
Nicole
40%
Kelly
38%
Maria
38%
Heather
36%
Megan
35%
Danielle
32%
Brittany
31%
Tiffany
31%
Angela
30%
Kimberly
29%
Amber
27%
Courtney
25%
Erin
25%
Andrea
22%
Allison
21%
Crystal
18%
Kristen
18%
Kristin
18%
Vanessa
17%
Erica
16%
Lindsay
16%
Lindsey
16%
Alicia
15%
Shannon
13%
Jamie
11%
April
7%
No matching quizzes found
Score Distribution
Percent of People with Each Score
Percentile by Number Answered
Your Score History
You have not taken this quiz